Loan Facility Agreement Between National Investment Bank Limited And The Ministry Of Finance, Republic Of Ghana (Vehicles For Council Of State) 2021 (Record no. 2790)

MARC details
000 -LEADER
fixed length control field 00599nam a2200145Ia 4500
008 - FIXED-LENGTH DATA ELEMENTS--GENERAL INFORMATION
fixed length control field 240429s9999||||xx |||||||||||||| ||und||
041 ## - LANGUAGE CODE
Language code of text/sound track or separate title eng
082 ## - DEWEY DECIMAL CLASSIFICATION NUMBER
Classification number PM/VCS/21
100 ## - MAIN ENTRY--PERSONAL NAME
Personal name National Investment Bank Limited
245 #0 - TITLE STATEMENT
Title Loan Facility Agreement Between National Investment Bank Limited And The Ministry Of Finance, Republic Of Ghana (Vehicles For Council Of State) 2021
300 ## - PHYSICAL DESCRIPTION
Extent 7p:tabs
650 ## - SUBJECT ADDED ENTRY--TOPICAL TERM
Topical term or geographic name entry element 2021 - Loan Facility Agreement Between National Investment Bank Limited And - The Ministry Of Finance, Republic Of Ghana (Vehicles For Council Of State)
942 ## - ADDED ENTRY ELEMENTS (KOHA)
Koha item type Annual Report
Holdings
Withdrawn status Lost status Damaged status Not for loan Home library Current library Shelving location Date acquired Total checkouts Full call number Date last seen Copy number Price effective from Koha item type
        Main Library Main Library Open Shelves 07/03/2023   PM/VCS/21 5204 C1 - PM/VCS/21 5205 C2 - PM/VCS/21 5206 C3 29/04/2024 1 29/04/2024 Annual Report
©2026  Parliament of Ghana Library - All rights reserved